|
|
|
|
| LEADER |
00000nab a2200000 a 4500 |
| 001 |
vtls010573114 |
| 003 |
SK-MaSNL |
| 005 |
20260304000011.0 |
| 008 |
140130c2014 xo wrzp 0 0slo |
| 015 |
|
|
|a SNBRB2014/01
|2 rvgkpd
|
| 038 |
|
|
|a RVGKPD
|
| 040 |
|
|
|a RVGKPD
|b slo
|c RVGKPD
|e AACR2
|
| 041 |
0 |
|
|a slo
|
| 044 |
|
|
|a xo
|c SK
|
| 080 |
|
|
|a 821.111
|x (73)
|2 1997
|
| 100 |
1 |
|
|a Mihočková, Eva
|4 aut
|4 ivr
|9 1035619
|
| 245 |
1 |
0 |
|a Nie som konšpirátor!
|b o pekle, hriechoch i frustráciách z politiky hovorí americký spisovateľ Dan Brown
|
| 300 |
|
|
|b Fotogr.
|
| 600 |
1 |
7 |
|a Brown, Dan,
|d 1964-
|2 rvgkpd
|9 206683
|
| 655 |
|
7 |
|a rozhovory
|2 rvgkpd
|9 31831
|
| 700 |
1 |
|
|a Brown, Dan,
|d 1964-
|4 aut
|4 ive
|9 206683
|
| 773 |
0 |
|
|t Plus 7 dní
|g Roč. XXIV, č. 5 (2014), s. 24-26
|x 1210-4040
|
| 852 |
|
|
|a RVGKPD
|b KIS3G
|
| 856 |
4 |
1 |
|u http://www.pluska.sk/plus-7-dni/
|
| 958 |
|
|
|a BC
|
| 958 |
|
|
|a US
|
| 992 |
|
|
|a RBX
|
| 999 |
|
|
|c 2528921
|d 2530851
|